000 00478nam a2200169Ia 4500
999 _c35937
_d35937
003 OSt
005 20210121121426.0
008 190216s9999||||xx |||||||||||||| ||und||
040 _coclc
082 _a428.24
_bQUI/G
100 _aQuirk, Randolph
_96649
245 2 _aA Grammar Of Contemporary English /
_cRandolph Quirk
260 _bLongmans,
_c1972.
300 _a1120p
650 _aEnglish Grammer
942 _cBK
_2ddc
_h428.24
_iQUI/G
_k428.24
_mQUI/G